Ecgônômic, khoa học về yếu tố con người trong lao động T.3: Tổ chức lao động khoa học trong các cơ sở sản xuất T.3

Đã lưu trong:
书目详细资料
主要作者: Nguyễn Văn Lê, GS
格式: 图书
出版: Lao động 2001
标签: 添加标签
没有标签, 成为第一个标记此记录!
Thư viện lưu trữ: Mạng thư viện Đại học Đà Nẵng
LEADER 00666nam a2200229 a 4500
001 000029367
003 13982
005 20171030145630.0
008 171030s2001
020 |c 28000 
040 |a LTT 
082 0 |a 331  |b NG-L 
100 1 |a Nguyễn Văn Lê, GS 
245 0 0 |a Ecgônômic, khoa học về yếu tố con người trong lao động T.3: Tổ chức lao động khoa học trong các cơ sở sản xuất  |c Nguyễn Văn Lê.  |n T.3 
260 |b Lao động  |c 2001 
OWN |a LTT 
999 |a From the UDN01 
TYP |a Monograph 
TYP |a Printed language 
980 |a Mạng thư viện Đại học Đà Nẵng